[Event "CZE-chT1E 2425"]
[Site "Czech Republic"]
[Date "2025.03.02"]
[Round "9.1"]
[White "Langner, Ladislav"]
[Black "Shengelia, Davit"]
[Result "0-1"]
[WhiteElo "2355"]
[BlackElo "2449"]
[PlyCount "78"]
[EventDate "2024.10.20"]
[EventType "team-tourn"]
[EventRounds "11"]
[EventCountry "CZE"]
[SourceTitle "CB16_2025"]
[SourceDate "2025.04.16"]
[SourceVersion "1"]
[SourceVersionDate "2025.04.16"]
[SourceQuality "1"]
[WhiteTeam "Trinec"]
[BlackTeam "Brno Duras"]
[WhiteTeamCountry "CZE"]
[BlackTeamCountry "CZE"]

1. e4 c5 2. c3 Nf6 3. e5 Nd5 4. Bc4 Nb6 5. Bb3 c4 6. Bc2 d6 7. exd6 Qxd6 8. b3 Nc6 9. bxc4 Nxc4 10. d3 Nb6 11. d4 g6 12. Ba3 Qc7 13. Nf3 Bg7 14. Nbd2 0-0 15. 0-0 Nd5 16. Bb2 Na5 17. Rc1 b5 18. Bd3 Nc4 19. Nxc4 bxc4 20. Be4 Bb7 21. Nd2 f5 22. Bf3 e5 23. Be2 Nb6 24. Ba3 Rfd8 25. Bc5 Qc6 26. Bf3 e4 27. Be2 Ba6 28. Rb1 Na4 29. Bb4 Bb5 30. Ba5 a6 31. Bxc4+ Bxc4 32. Nxc4 Nxc3 33. Qb3 Ne2+ 34. Kh1 Nxd4 35. Qb4 Rd5 36. a4 Bf8 37. Qc3 Rc5 38. Qxd4 Rxc4 39. Qe5 Rc5 0-1

[Event "CZE-chT1E 2425"]
[Site "Czech Republic"]
[Date "2024.11.24"]
[Round "3.1"]
[White "Langner, Ladislav"]
[Black "Gnojek, Petr"]
[Result "1-0"]
[WhiteElo "2355"]
[BlackElo "2427"]
[PlyCount "79"]
[EventDate "2024.10.20"]
[EventType "team-tourn"]
[EventRounds "11"]
[EventCountry "CZE"]
[SourceTitle "CB16_2025"]
[SourceDate "2025.04.16"]
[SourceVersion "1"]
[SourceVersionDate "2025.04.16"]
[SourceQuality "1"]
[WhiteTeam "Trinec"]
[BlackTeam "Frydek Mistek II"]
[WhiteTeamCountry "CZE"]
[BlackTeamCountry "CZE"]

1. e4 d6 2. d4 Nf6 3. Nc3 g6 4. h3 Bg7 5. Be3 c6 6. f4 Qa5 7. Bd3 Nbd7 8. Nf3 e5 9. 0-0 0-0 10. Qd2 Nh5 11. dxe5 dxe5 12. f5 Ng3 13. Rf2 Nf6 14. Bh6 Qc5 15. Qg5 Nh1 16. Kxh1 Qxf2 17. Bxg7 Kxg7 18. Nxe5 Nh5 19. Ng4 Qf4 20. Qe7 h6 21. Ne2 Qg5 22. Qe5+ f6 23. Qd6 gxf5 24. exf5 Re8 25. Rf1 Kh8 26. Kh2 Qg7 27. Nf4 Nxf4 28. Rxf4 Rg8 29. Qxf6 Qxf6 30. Nxf6 Rf8 31. Ng4 Kg7 32. f6+ Kf7 33. Nxh6+ Ke6 34. f7 Ke5 35. Rf2 Be6 36. g4 Rh8 37. g5 Raf8 38. c3 Kd6 39. Nf5+ Kd7 40. g6 1-0

[Event "CZE-chT1E 2324"]
[Site "Czech Republic"]
[Date "2024.04.14"]
[Round "11.1"]
[White "Langner, Ladislav"]
[Black "Dobrovolsky, Ladislav"]
[Result "1-0"]
[WhiteElo "2344"]
[BlackElo "2173"]
[PlyCount "75"]
[EventDate "2023.10.22"]
[EventType "team-tourn"]
[EventRounds "11"]
[EventCountry "CZE"]
[SourceTitle "EXT 2025"]
[Source "ChessBase"]
[SourceDate "2024.10.14"]
[SourceVersion "1"]
[SourceVersionDate "2024.10.14"]
[SourceQuality "1"]
[WhiteTeam "Trinec"]
[BlackTeam "Orlova Slavia"]
[WhiteTeamCountry "CZE"]
[BlackTeamCountry "CZE"]

1. e4 c5 2. c3 d5 3. exd5 Qxd5 4. d4 cxd4 5. cxd4 e6 6. Nf3 Nf6 7. Nc3 Qd8 8. Be2 Nc6 9. 0-0 Be7 10. a3 0-0 11. Qd3 b6 12. Bf4 Bb7 13. Rfd1 Rc8 14. Ne5 Nxe5 15. Bxe5 Nd5 16. Qg3 f6 17. Bf4 Nxf4 18. Qxf4 Bd6 19. Qe3 Re8 20. Bb5 Re7 21. Ba4 Bb8 22. Bb3 Qd6 23. Qh3 Rce8 24. Re1 Qxd4 25. Rad1 Qf4 26. Rxe6 Rxe6 27. Bxe6+ Kf8 28. Bd7 Re5 29. Qxh7 Qh6 30. Qxh6 gxh6 31. Bb5 Bc7 32. f4 Rc5 33. g3 Bf3 34. Rd3 Bg4 35. b4 Rh5 36. Bd7 Bf5 37. Bxf5 Rxf5 38. Rd7 1-0

[Event "CZE-chT1E 2324"]
[Site "Czech Republic"]
[Date "2023.11.12"]
[Round "2.1"]
[White "Langner, Ladislav"]
[Black "Niedbala, Bartlomiej"]
[Result "0-1"]
[WhiteElo "2344"]
[BlackElo "2400"]
[PlyCount "88"]
[EventDate "2023.10.22"]
[EventType "team-tourn"]
[EventRounds "11"]
[EventCountry "CZE"]
[SourceTitle "EXT 2025"]
[Source "ChessBase"]
[SourceDate "2024.10.14"]
[SourceVersion "1"]
[SourceVersionDate "2024.10.14"]
[SourceQuality "1"]
[WhiteTeam "Trinec"]
[BlackTeam "Poruba Slavoj II"]
[WhiteTeamCountry "CZE"]
[BlackTeamCountry "CZE"]

1. e4 c5 2. c3 d5 3. exd5 Qxd5 4. d4 g6 5. dxc5 Qxc5 6. Be3 Qc7 7. Na3 a6 8. Nc4 Nd7 9. Nf3 Ngf6 10. Qd2 Bg7 11. Bh6 0-0 12. Bxg7 Kxg7 13. Be2 b5 14. Ne3 Bb7 15. h3 Rad8 16. Ng4 Bxf3 17. Qh6+ Kg8 18. Bxf3 Ne5 19. Nxe5 Qxe5+ 20. Qe3 Qxe3+ 21. fxe3 e5 22. a4 e4 23. Be2 Nd5 24. axb5 axb5 25. Kf2 f5 26. Bxb5 f4 27. Bc4 fxe3+ 28. Kg3 Kg7 29. Rhe1 Rf2 30. Bxd5 Rxd5 31. Rxe3 Rxb2 32. Rxe4 h5 33. Ra7+ Kh6 34. h4 Rd3+ 35. Kh2 Rdd2 36. Ree7 Rxg2+ 37. Kh1 Rh2+ 38. Kg1 Rxh4 39. Rh7+ Kg5 40. Ra5+ Kf4 41. Rd7 Rg4+ 42. Kh1 Kf3 43. Rd3+ Kf2 44. Rd4 Rb1+ 0-1

[Event "Lazy Baltic Pearl op-A 19th"]
[Site "Lazy"]
[Date "2023.06.30"]
[Round "5"]
[White "Langner, Ladislav"]
[Black "Mielczarski, Miroslaw"]
[Result "0-1"]
[WhiteElo "2375"]
[BlackElo "2104"]
[PlyCount "81"]
[EventDate "2023.06.26"]
[EventType "swiss"]
[EventRounds "9"]
[EventCountry "POL"]
[SourceTitle "CBM 215 Extra"]
[Source "ChessBase"]
[SourceDate "2023.09.30"]
[SourceVersion "1"]
[SourceVersionDate "2023.09.30"]
[SourceQuality "1"]

1. e4 c5 2. c3 Nf6 3. e5 Nd5 4. d4 cxd4 5. cxd4 e6 6. Nf3 d6 7. a3 Nc6 8. Bd3 Bd7 9. 0-0 h6 10. Nbd2 Nf4 11. Bc2 d5 12. g3 Nh3+ 13. Kg2 Ng5 14. b4 Nxf3 15. Nxf3 Rc8 16. Qd3 Ne7 17. Bd2 Rc4 18. Bb3 b5 19. a4 a6 20. axb5 Bxb5 21. Qb1 Qd7 22. Bxc4 dxc4 23. Rc1 Nf5 24. Bc3 Qb7 25. d5 Qxd5 26. Rd1 Qb7 27. Rd2 g5 28. h3 Bc6 29. Qd1 Be7 30. b5 axb5 31. Rda2 0-0 32. Ra7 Qc8 33. Kh2 Bc5 34. R7a6 Bb7 35. Nxg5 hxg5 36. Qh5 Bxa6 37. Qxg5+ Ng7 38. Bd2 Bb7 39. Qh6 Qc6 40. Rg1 Bxf2 41. Rh1 0-1

[Event "Titled Tuesday intern op 10th Jan Early"]
[Site "Chess.com INT"]
[Date "2023.01.10"]
[Round "9"]
[White "Mayank, Chakraborty"]
[Black "Langner, Ladislav"]
[Result "0-1"]
[WhiteElo "2063"]
[BlackElo "2368"]
[PlyCount "80"]
[EventDate "2023.01.10"]
[EventType "swiss (blitz)"]
[EventRounds "11"]
[EventCountry "USA"]
[SourceTitle "EXT 2024"]
[Source "ChessBase"]
[SourceDate "2023.10.10"]
[SourceVersion "1"]
[SourceVersionDate "2023.10.10"]
[SourceQuality "1"]

1. d4 Nf6 2. Nf3 g6 3. c3 d5 4. g3 Bg7 5. Bg2 c5 6. 0-0 b6 7. Ne5 0-0 8. Nd2 cxd4 9. cxd4 Bb7 10. Ndc4 Nfd7 11. Ne3 e6 12. f4 Nc6 13. N3g4 Rc8 14. a3 Nf6 15. Nxf6+ Bxf6 16. e3 Bg7 17. Bd2 f6 18. Nd3 Re8 19. Rc1 Ba6 20. Be1 Ne7 21. Rxc8 Qxc8 22. Rf2 Nf5 23. Re2 Qc4 24. Nc1 Rc8 25. Bc3 Bf8 26. Bf1 Qc6 27. Re1 Bxf1 28. Kxf1 Bxa3 29. Nd3 Be7 30. Kf2 Nd6 31. Kg2 Ne4 32. Qa1 Nxc3 33. bxc3 Qxc3 34. Qxa7 Qd2+ 35. Nf2 Qxe1 36. Qd7 Rc2 37. Qe8+ Bf8 38. Qxe6+ Kg7 39. Qd7+ Kh8 40. Qxh7+ Kxh7 0-1

[Event "Titled Tuesday intern op 29th Nov Early"]
[Site "Chess.com INT"]
[Date "2022.11.29"]
[Round "4"]
[White "Pein, Jonathan"]
[Black "Langner, Ladislav"]
[Result "1-0"]
[WhiteElo "2244"]
[BlackElo "2357"]
[PlyCount "93"]
[EventDate "2022.11.29"]
[EventType "swiss (blitz)"]
[EventRounds "11"]
[EventCountry "USA"]
[SourceTitle "EXT 2024"]
[Source "ChessBase"]
[SourceDate "2023.10.10"]
[SourceVersion "1"]
[SourceVersionDate "2023.10.10"]
[SourceQuality "1"]

1. d4 Nf6 2. f3 g6 3. e4 c5 4. Ne2 cxd4 5. Nxd4 Bg7 6. c4 Nc6 7. Nc3 Nxd4 8. Qxd4 d6 9. Bg5 0-0 10. Qd2 Be6 11. Be2 Rc8 12. b3 b5 13. Nxb5 Nxe4 14. fxe4 Bxa1 15. 0-0 Be5 16. Nxa7 Rc7 17. Nb5 Rd7 18. Nd4 Qb6 19. Be3 Qb8 20. Nxe6 fxe6 21. Bg4 Rxf1+ 22. Kxf1 Qf8+ 23. Qf2 Qxf2+ 24. Kxf2 Kf7 25. b4 Rd8 26. a4 Ra8 27. Bd1 Bc3 28. b5 Rc8 29. Bb3 Kf6 30. Ke2 Ke5 31. Kd3 Ba5 32. g3 Kf6 33. h4 h5 34. Bg5+ Kf7 35. e5 dxe5 36. Be3 Be1 37. b6 Bxg3 38. Ke4 Be1 39. c5 Bb4 40. b7 Rb8 41. c6 Ba5 42. Ba7 Bc7 43. a5 Rd8 44. Bb6 Bxb6 45. axb6 Kf6 46. c7 Rd4+ 47. Ke3 1-0

[Event "CZE-chT1E 2223"]
[Site "Czech Republic"]
[Date "2022.11.27"]
[Round "4.3"]
[White "Langner, Ladislav"]
[Black "Babula, Vlastimil1"]
[Result "1-0"]
[WhiteElo "2367"]
[BlackElo "2253"]
[PlyCount "31"]
[EventDate "2022.10.08"]
[EventType "team-tourn"]
[EventRounds "11"]
[EventCountry "CZE"]
[SourceTitle "CBM 213 Extra"]
[Source "ChessBase"]
[SourceDate "2023.05.31"]
[SourceVersion "1"]
[SourceVersionDate "2023.05.31"]
[SourceQuality "1"]
[WhiteTeam "Trinec"]
[BlackTeam "Stare Mesto"]
[WhiteTeamCountry "CZE"]
[BlackTeamCountry "CZE"]

1. e4 c5 2. c3 Nf6 3. e5 Nd5 4. Bc4 Nb6 5. Bb3 e6 6. d4 cxd4 7. cxd4 d6 8. Qe2 Nc6 9. Nf3 dxe5 10. dxe5 Nd4 11. Nxd4 Qxd4 12. Nc3 Bd7 13. 0-0 Be7 14. Rd1 Qh4 15. Be3 Bc6 16. Rd4 1-0

[Event "CZE-chT1E 2223"]
[Site "Czech Republic"]
[Date "2022.11.26"]
[Round "3.4"]
[White "Kusa, Jakub"]
[Black "Langner, Ladislav"]
[Result "1/2-1/2"]
[WhiteElo "2360"]
[BlackElo "2367"]
[PlyCount "63"]
[EventDate "2022.10.08"]
[EventType "team-tourn"]
[EventRounds "11"]
[EventCountry "CZE"]
[SourceTitle "CBM 213 Extra"]
[Source "ChessBase"]
[SourceDate "2023.05.31"]
[SourceVersion "1"]
[SourceVersionDate "2023.05.31"]
[SourceQuality "1"]
[WhiteTeam "Brno Moravska Slavia II"]
[BlackTeam "Trinec"]
[WhiteTeamCountry "CZE"]
[BlackTeamCountry "CZE"]

1. Nf3 d5 2. c4 dxc4 3. Na3 c5 4. e3 Nc6 5. Nxc4 Nf6 6. Be2 g6 7. b3 Bg7 8. Bb2 0-0 9. 0-0 b6 10. a3 Bb7 11. Rc1 Qd5 12. Qc2 Rfd8 13. Rfd1 Rac8 14. Nce5 Nxe5 15. Bxe5 Ng4 16. Bxg7 Kxg7 17. Qc3+ f6 18. Qc4 Qxc4 19. bxc4 Ne5 20. Nxe5 fxe5 21. d3 e4 22. d4 Rd6 23. Rb1 Ba6 24. dxc5 Rxc5 25. Rd4 Kf6 26. Rxe4 Rd2 27. Bf1 Rc2 28. Rf4+ Kg7 29. Re4 Kf7 30. Rf4+ Kg7 31. Re4 Kf7 32. Rf4+ 1/2-1/2

[Event "Titled Tuesday intern op 15th Nov Early"]
[Site "Chess.com INT"]
[Date "2022.11.15"]
[Round "2"]
[White "Bilan, Danila"]
[Black "Langner, Ladislav"]
[Result "1-0"]
[WhiteElo "2303"]
[BlackElo "2357"]
[PlyCount "109"]
[EventDate "2022.11.15"]
[EventType "swiss (blitz)"]
[EventRounds "11"]
[EventCountry "USA"]
[SourceTitle "CBM 211 Extra"]
[Source "ChessBase"]
[SourceDate "2023.01.31"]
[SourceVersion "1"]
[SourceVersionDate "2023.01.31"]
[SourceQuality "1"]

1. d4 Nf6 2. Nf3 g6 3. Bg5 Bg7 4. c3 d5 5. Nbd2 b6 6. Bxf6 Bxf6 7. e4 dxe4 8. Nxe4 Bg7 9. Bb5+ c6 10. Bc4 0-0 11. 0-0 Bf5 12. Re1 Nd7 13. Ng3 Bg4 14. h3 Bxf3 15. Qxf3 Rc8 16. Rad1 Nf6 17. h4 h5 18. Ne4 Nxe4 19. Qxe4 e6 20. g3 Qf6 21. Kg2 Rfd8 22. Bb3 Rc7 23. Re2 Bf8 24. Red2 Rd6 25. Rd3 Bg7 26. Ba4 Qd8 27. Bb3 Bf6 28. Kh3 Kg7 29. Bc2 Rcd7 30. Ba4 Rc7 31. Bc2 c5 32. d5 exd5 33. Rxd5 Rxd5 34. Rxd5 Qc8+ 35. Kg2 Re7 36. Qd3 Qc6 37. Qf3 Qe6 38. Bd3 Rd7 39. Bc4 Rxd5 40. Qxd5 Qxd5+ 41. Bxd5 Bd8 42. Kf3 Kf6 43. Ke4 Bc7 44. Bc4 Ke7 45. Kd5 Bd8 46. Kc6 a5 47. a4 f6 48. Kb7 Kd7 49. Bf7 g5 50. Bxh5 gxh4 51. gxh4 f5 52. Bg6 Bxh4 53. Bxf5+ Kd6 54. Kxb6 Bd8+ 55. Kb5 1-0

[Event "Titled Tuesday intern op 15th Nov Early"]
[Site "Chess.com INT"]
[Date "2022.11.15"]
[Round "9"]
[White "Kleiman, Jake"]
[Black "Langner, Ladislav"]
[Result "1-0"]
[WhiteElo "2399"]
[BlackElo "2357"]
[PlyCount "63"]
[EventDate "2022.11.15"]
[EventType "swiss (blitz)"]
[EventRounds "11"]
[EventCountry "USA"]
[SourceTitle "CBM 211 Extra"]
[Source "ChessBase"]
[SourceDate "2023.01.31"]
[SourceVersion "1"]
[SourceVersionDate "2023.01.31"]
[SourceQuality "1"]

1. Nf3 Nf6 2. g3 d5 3. Bg2 g6 4. 0-0 Bg7 5. d3 0-0 6. Nbd2 c5 7. e4 Nc6 8. Re1 e5 9. c3 d4 10. Nc4 Nd7 11. a4 Nb6 12. Nxb6 axb6 13. Qc2 h6 14. Nh4 Be6 15. Bd2 Na5 16. c4 Nc6 17. Rf1 Qe7 18. Qd1 Kh7 19. Qe2 Bf6 20. Nf3 Bg5 21. Nxg5+ hxg5 22. f4 gxf4 23. gxf4 exf4 24. Bxf4 Qh4 25. Bg3 Qh6 26. Rf6 Kg7 27. Raf1 Rh8 28. Qf2 Raf8 29. Bd6 Kg8 30. Rxe6 Ne5 31. Bxe5 fxe6 32. Qxf8+ 1-0

[Event "Titled Tuesday intern op 15th Nov Early"]
[Site "Chess.com INT"]
[Date "2022.11.15"]
[Round "8"]
[White "Langner, Ladislav"]
[Black "Mouhamad, Joachin"]
[Result "1-0"]
[WhiteElo "2357"]
[BlackElo "2266"]
[PlyCount "75"]
[EventDate "2022.11.15"]
[EventType "swiss (blitz)"]
[EventRounds "11"]
[EventCountry "USA"]
[SourceTitle "CBM 211 Extra"]
[Source "ChessBase"]
[SourceDate "2023.01.31"]
[SourceVersion "1"]
[SourceVersionDate "2023.01.31"]
[SourceQuality "1"]

1. e4 c5 2. d4 cxd4 3. c3 dxc3 4. Nxc3 Nc6 5. Nf3 d6 6. Bc4 a6 7. 0-0 Nf6 8. Bg5 Bg4 9. Qb3 e6 10. Qxb7 Rc8 11. Bxa6 Rc7 12. Qb3 Bxf3 13. gxf3 Be7 14. Nb5 Rd7 15. Rac1 Na5 16. Qa4 Qb6 17. Bc8 Nb7 18. Bxd7+ Nxd7 19. Qa8+ Nd8 20. Nc7+ Kf8 21. Be3 Qxb2 22. Qa4 Nf6 23. f4 Qe2 24. Qd1 Qxa2 25. Nb5 Qa6 26. Qb3 g6 27. Ra1 Qb7 28. f3 Kg7 29. Ra7 Qb8 30. Rxe7 Nc6 31. Rc7 Na5 32. Qa4 Nb7 33. Rfc1 Nc5 34. Bxc5 dxc5 35. R1xc5 Ne8 36. Qd4+ Kh6 37. Qxh8 Nxc7 38. Qxb8 1-0

[Event "Titled Tuesday intern op 15th Nov Early"]
[Site "Chess.com INT"]
[Date "2022.11.15"]
[Round "10"]
[White "Langner, Ladislav"]
[Black "Saravana, Krishnan P"]
[Result "0-1"]
[WhiteElo "2357"]
[BlackElo "2197"]
[PlyCount "102"]
[EventDate "2022.11.15"]
[EventType "swiss (blitz)"]
[EventRounds "11"]
[EventCountry "USA"]
[SourceTitle "CBM 211 Extra"]
[Source "ChessBase"]
[SourceDate "2023.01.31"]
[SourceVersion "1"]
[SourceVersionDate "2023.01.31"]
[SourceQuality "1"]

1. e4 Nf6 2. e5 Nd5 3. d4 d6 4. exd6 cxd6 5. c4 Nb6 6. Nc3 g6 7. g3 Bg7 8. Nge2 0-0 9. b3 Nc6 10. Be3 Bg4 11. Bg2 e5 12. d5 Nd4 13. 0-0 Nxe2+ 14. Nxe2 Qd7 15. Qd2 f5 16. f3 Bh5 17. Bh6 Rae8 18. Bxg7 Qxg7 19. Rae1 Nd7 20. f4 Bxe2 21. Rxe2 b6 22. fxe5 Nxe5 23. Qg5 h6 24. Qd2 g5 25. Ref2 Qg6 26. Bh3 g4 27. Bg2 Rf6 28. Qd4 Qg7 29. Qd2 Ref8 30. Qd4 h5 31. Re2 h4 32. Rxe5 dxe5 33. Qxe5 h3 34. Rd1 hxg2 35. d6 Qd7 36. Qf4 Rg6 37. Rd5 Rff6 38. c5 bxc5 39. Qc4 Kg7 40. Rxc5 Qxd6 41. Rc7+ Kh6 42. Qc1+ f4 43. gxf4 Qxf4 44. Qxf4+ Rxf4 45. Rxa7 Rd6 46. Kxg2 Re4 47. Kg3 Rd3+ 48. Kf2 Rd2+ 49. Kg3 Red4 50. Ra5 R2d3+ 51. Kf2 Rf3+ 0-1

[Event "Titled Tuesday intern op 15th Nov Early"]
[Site "Chess.com INT"]
[Date "2022.11.15"]
[Round "6"]
[White "Potapova, Margarita"]
[Black "Langner, Ladislav"]
[Result "0-1"]
[WhiteElo "2191"]
[BlackElo "2357"]
[PlyCount "54"]
[EventDate "2022.11.15"]
[EventType "swiss (blitz)"]
[EventRounds "11"]
[EventCountry "USA"]
[SourceTitle "CBM 211 Extra"]
[Source "ChessBase"]
[SourceDate "2023.01.31"]
[SourceVersion "1"]
[SourceVersionDate "2023.01.31"]
[SourceQuality "1"]

1. e4 c5 2. Nf3 e6 3. d4 cxd4 4. Nxd4 a6 5. Nc3 b5 6. Be2 Bb7 7. 0-0 b4 8. Na4 Bxe4 9. Re1 Nc6 10. Bh5 Nf6 11. Bg5 Bg6 12. Bf3 Nxd4 13. Bxa8 Nxc2 14. Qf3 Nxa1 15. Rxa1 Be7 16. h4 0-0 17. Bb7 Qa5 18. b3 d5 19. Rc1 h6 20. Bf4 Qb5 21. Bc6 Qa5 22. Bb7 Be4 23. Qe3 Qb5 24. Rc7 Bd8 25. Bc6 Qd3 26. Ra7 Qd1+ 27. Kh2 Ng4+ 0-1

[Event "Titled Tuesday intern op 16th Aug Early"]
[Site "Chess.com INT"]
[Date "2022.08.16"]
[Round "4"]
[White "Eynullayev, Atilla Elshan"]
[Black "Langner, Ladislav"]
[Result "1-0"]
[WhiteElo "2328"]
[BlackElo "2367"]
[PlyCount "87"]
[EventDate "2022.08.16"]
[EventType "swiss (blitz)"]
[EventRounds "11"]
[EventCountry "USA"]
[SourceTitle "EXT 2023"]
[Source "ChessBase"]
[SourceDate "2022.10.05"]
[SourceVersion "1"]
[SourceVersionDate "2022.10.05"]
[SourceQuality "1"]

1. e4 c5 2. Nf3 e6 3. g3 d5 4. exd5 exd5 5. Bg2 Nc6 6. 0-0 Nf6 7. Re1+ Be7 8. d4 0-0 9. dxc5 Bxc5 10. h3 h6 11. Be3 Bd6 12. c3 Bf5 13. Nbd2 Qd7 14. Kh2 Rfe8 15. Nb3 Ne4 16. Nbd4 Bg6 17. Nh4 Bh7 18. Qg4 Qxg4 19. hxg4 Ne5 20. Kh3 Nd3 21. Re2 Nexf2+ 22. Rxf2 Rxe3 23. Rf3 Nf2+ 24. Rxf2 Rxg3+ 25. Kh2 Rxg4+ 26. Kh3 Rg3+ 27. Kh2 Rxc3+ 28. Kh1 Rc4 29. Nhf5 Bc5 30. Rd2 Bxf5 31. Nxf5 g6 32. Bxd5 Rf4 33. Ng3 Re8 34. Rf1 Rh4+ 35. Kg2 Re7 36. Rc2 b6 37. Rc4 Rxc4 38. Bxc4 Kg7 39. Rf4 f5 40. Rf3 Kf6 41. Ne2 g5 42. Nc3 Rd7 43. Nd5+ Ke5 44. Rd3 1-0

[Event "Titled Tuesday intern op 26th Jul Early"]
[Site "Chess.com INT"]
[Date "2022.07.26"]
[Round "5"]
[White "Langner, Ladislav"]
[Black "Levine, David M"]
[Result "1-0"]
[WhiteElo "2367"]
[BlackElo "2068"]
[PlyCount "59"]
[EventDate "2022.07.26"]
[EventType "swiss (blitz)"]
[EventRounds "11"]
[EventCountry "USA"]
[SourceTitle "EXT 2023"]
[Source "ChessBase"]
[SourceDate "2022.10.05"]
[SourceVersion "1"]
[SourceVersionDate "2022.10.05"]
[SourceQuality "1"]

1. e4 e5 2. Bc4 Nf6 3. d3 Nc6 4. Nf3 h6 5. c3 d6 6. 0-0 g5 7. d4 g4 8. Nfd2 exd4 9. cxd4 Nxd4 10. Nc3 Bg7 11. Nb3 Nxb3 12. Qxb3 0-0 13. Bf4 c6 14. Rad1 b5 15. Be2 Ne8 16. Rd2 Qe7 17. Rfd1 Be6 18. Qc2 Rd8 19. Qd3 Bc4 20. Qg3 h5 21. Bxc4 bxc4 22. h3 gxh3 23. Qxh3 Qe6 24. Qxh5 Nf6 25. Qg5 Nxe4 26. Nxe4 Qxe4 27. Bxd6 Rfe8 28. Be5 Qg6 29. Qxg6 fxg6 30. Rxd8 1-0

[Event "Titled Tuesday intern op 26th Jul Early"]
[Site "Chess.com INT"]
[Date "2022.07.26"]
[Round "2"]
[White "Langner, Ladislav"]
[Black "Madaminov, Mukhiddin"]
[Result "0-1"]
[WhiteElo "2367"]
[BlackElo "2408"]
[PlyCount "62"]
[EventDate "2022.07.26"]
[EventType "swiss (blitz)"]
[EventRounds "11"]
[EventCountry "USA"]
[SourceTitle "EXT 2023"]
[Source "ChessBase"]
[SourceDate "2022.10.05"]
[SourceVersion "1"]
[SourceVersionDate "2022.10.05"]
[SourceQuality "1"]

1. e4 e5 2. Nf3 Nc6 3. Bc4 Bc5 4. d3 d6 5. c3 a6 6. 0-0 Nf6 7. Re1 Ba7 8. Be3 0-0 9. Bxa7 Rxa7 10. d4 Ra8 11. h3 Qe7 12. Nbd2 Nh5 13. Nxe5 dxe5 14. Qxh5 exd4 15. cxd4 Nxd4 16. Rad1 Be6 17. Bxe6 fxe6 18. Qe5 c5 19. b4 Nc2 20. bxc5 Nxe1 21. Rxe1 Rac8 22. Nb3 Qf6 23. Qxf6 gxf6 24. Rc1 Rfd8 25. Kf1 Kf7 26. Ke2 h5 27. Ke3 e5 28. g3 Rd7 29. a4 Rcd8 30. Rc4 Rd3+ 31. Ke2 Rxb3 0-1